Statistics for African countries with the most white africans

Click here to take the quiz!

General Stats

  • This quiz has been taken 204 times
  • The average score is 16 of 20

Answer Stats

RankAnswer% Correct
1.South Africa
100%
3.Namibia
92%
11.Kenya
91%
5.Morocco
91%
9.Botswana
90%
6.Nigeria
88%
14.Zimbabwe
88%
2.Angola
87%
8.Mozambique
87%
19.Tanzania
87%
7.Tunisia
86%
4.Madagascar
83%
12.Zambia
83%
20Ethiopia
77%
16.Ghana
77%
13.Mauritius
76%
17.Gabon
73%
18.Ivory Coast
70%
15.Equatorial Guinea
62%
10.Democratic Republic of Congo
29%

Score Distribution

Percentile by Number Answered

Percent of People with Each Score

Your Score History

You have not taken this quiz